Ekstraklasa Champions - Statistics

General Stats
  • This quiz has been taken 1,749 times
    1,746 since last reset
  • The average score is 10 of 17
Answer Stats
Titles Year Team % Correct
7 1983-84, 90, 92-93, 2010, 15 Lech Poznań
96%
12 1955-56, 69-70, 94-95, 2002, 06, 13-14, 16-17 Legia Warszawa
95%
13 1927-28, 49-50, 78, 99, 2001, 03-05, 08-09, 11 Wisła Kraków
90%
5 1921, 30, 32, 37, 48 KS Cracovia
77%
14 1933, 34-36, 38, 51-53, 60, 68, 74-75, 79, 89 Ruch Chorzów
76%
14 1957, 59, 61, 63-67, 71-72, 85-88 Górnik Zabrze
75%
2 1977, 2012 Śląsk Wrocław
74%
2 1946, 2000 Polonia Warszawa
68%
4 1981-82, 96-97 Widzew Łódź
67%
2 1958, 98 ŁKS Łódź
63%
2 1991, 2007 Zagłębie Lubin
59%
4 1922-23, 25-26 Pogoń Lwów
41%
2 1954, 62 Polonia Bytom
38%
2 1929, 47 Warta Poznań
38%
2 1973, 76 Stal Mielec
34%
1 1980 Szombierki Bytom
29%
1 1931 Garbarnia Kraków
21%
No matching quizzes found
Score Distribution
Percent of People with Each Score
Percentile by Number Answered
Your Score History
You have not taken this quiz since the last reset